Il valore della consulenza educativa (Record no. 360285)

MARC details
000 -LEADER
campo di controllo lung. fissa 00606nam a22002177a 4500
003 - Identificatore del numero di controllo
campo di controllo IT-MiCISF
005 - Data e orario dell'ultima transazione
campo di controllo 20250417113058.0
008 - Elementi di lunghezza fissa--Informazione generale
campo di controllo lung. fissa 241217b |||||||| |||| 00| 0 eng d
040 ## - Fonte della catalogazione
Agenzia che fa la trascrizione IT-MiCISF
041 ## - Codice di lingua
Codice di lingua del testo/traccia sonora o titolo separato it
100 ## - Accesso principale -- nome di persona
Nome di persona Brustia Marina
9 (RLIN) 62087
245 ## - Formulazione del titolo
Titolo Il valore della consulenza educativa
250 ## - Formulazione di edizione
Formulazione di edizione "Consultori familiari oggi", n. 2, luglio-dicembre
260 ## - Pubblicazione, distribuzione, ecc. (stampa)
Data di pubblicazione, distribuzione, ecc. 2024
300 ## - Descrizione fisica
Estensione pp.28-42
310 ## - Periodicità corrente della pubblicazione
Periodicità corrente della pubblicazione semestrale
500 ## - Nota generale
Nota generale consulenza, educazione, consultori, storia, tecniche-di-consulenza
650 ## - Accesso aggiunto di soggetto--termine topico
Termine topico o nome geografico come accesso Consulenza-familiare
654 ## - Accesso aggiunto di soggetto--termini topici faccettati
Termine principale articolo
942 ## - Dati aggiuntivi (Koha)
Fonte della classificazione o dello schema di collocazione (segnatura) Dewey Decimal Classification
Tipo copia default (Koha) RIVISTA
Holdings
Ritirato (status) Perso (status) Fonte della classificazione o dello schema di collocazione (segnatura) Danneggiato (status) Non per il presito Biblioteca proprietaria Biblioteca in cui si trova Data d'acquisizione Totale prestiti Collocazione Data ultima operazione Prezzo in vigore dal Tipo copia default (Koha)
    Dewey Decimal Classification Buone Condizioni Not For Loan CISF - Milano CISF - Milano 16/04/2025   A09/R103 16/04/2025 16/04/2025 RIVISTA
CREDITS: SOCIETA' SAN PAOLO Via A.Severo, 58 - ROMA (RM) & PERIODICI SAN PAOLO SRL Via Giotto, 36 MILANO & CISF Via Giotto, 36 MILANO & EDIZIONI SAN PAOLO SRL,  Piazza Soncino, 5 CINISELLO BALSAMO (MI) -- ITALY